Vista normal
Vista MARC
Entrada Corporate Name
Número de registros utilizados en: 2
001 - CONTROL NUMBER
- control field: 40
003 - CONTROL NUMBER IDENTIFIER
- control field: DO-SdBNP
005 - DATE AND TIME OF LATEST TRANSACTION
- control field: 20160830090412.0
008 - FIXED-LENGTH DATA ELEMENTS
- fixed length control field: 160830|| aca||aabn | a|a d
040 ## - CATALOGING SOURCE
- Original cataloging agency: DO-SdBNP
110 ## - HEADING--CORPORATE NAME
- Corporate name or jurisdiction name as entry element: FONDO MONETARIO INTERNACIONAL
670 ## - SOURCE DATA FOUND
- Source citation: El malestar en la globalización, 2011
- Information found: p. 169